Estatísticas para Os 15 principais países com mortes por Covid19 - 5 de julho

Clique aqui para jogar o quiz

Estatísticas Gerais

  • Esse quiz foi jogado 3 vezes
  • A pontuação média é 11 de 19

Estatísticas das Respostas

país% Correto
Brasil
100%
Canadá
100%
Estados Unidos
100%
França
100%
México
100%
Peru
100%
Chile
67%
Espanha
67%
Índia
67%
Itália
67%
Reino Unido
67%
Alemanha
33%
Bélgica
33%
Equador
33%
Irão
33%
Países Baixos
33%
Rússia
33%
Irlanda
0%
Suécia
0%

Distribuição das Pontuações

Percentil de Números Respondidos

Porcentagem de Pessoas com Cada Pontuação

Sua Pontuação Histórica

Você não jogou esse quiz